• 首页
  • 本馆介绍
  • 公告通知
  • 最新文献
  • 馆藏检索
  • 电子资源
  • 读者导购
  • 参考咨询
  • 我的图书馆
  • 登录
  • 详细信息显示
  • 放入我的书架
  • 预约/预借图书
  • 作者相关作品
  • 分类相关作品
  • 丛书相关作品
  • 出版社相关作品

书目信息

  • 表格格式
  • 工作单格式
  • 卡片格式
题名:
张之涛文集
    
 
作者: 张之涛 著
分册: 上   长篇叙事诗卷
出版信息: 北京   中国文联出版社  2012.01
页数: 541页
开本: 26cm
丛书名:
单 册:
中图分类: I217.62 , I227.3
科图分类:
主题词: 中国文学--当代文学--作品集 , 叙事诗--诗集--中国--当代 , 中国文学 , 当代文学 , 叙事诗
电子资源:
ISBN: 978-7-5059-7460-9
000 00895nam0 2200289 450
001 010050028620
005 20120619162637.90
010    @a978-7-5059-7460-9@dCNY50.66,152.00(全3册)
100    @a20120210d2012 em y0chiy50 ea
101 0  @achi
102    @aCN@b110000
105    @af z 000gy
106    @ar
200 1  @a张之涛文集@9zhang zhi tao wen ji@h上@i长篇叙事诗卷@f张之涛[著]
210    @a北京@c中国文联出版社@d2012.01
215    @a541页@c照片@d26cm
330    @a本书主要内容包括:地质之光三部曲、青山儿女、青山欲晓、森吉德玛、翠绿的晨星、荒火的高原。
606 0  @a中国文学@x当代文学@x作品集
606 0  @a叙事诗@x诗集@y中国@z当代
606 0  @a中国文学
606 0  @a当代文学
606 0  @a叙事诗
690    @aI217.62@v4
690    @aI227.3@v4
701  0 @a张之涛@9zhang zhi tao@f(1936-)@4著
801  0 @aCN@bRENTIAN@c20120210
905    @b540492-94@dI217.62@e649:1@f3
    
    张之涛文集.上.长篇叙事诗卷/张之涛[著].-北京:中国文联出版社,2012.01
    541页:照片;26cm
    
    
    ISBN 978-7-5059-7460-9:CNY50.66,152.00(全3册)
    本书主要内容包括:地质之光三部曲、青山儿女、青山欲晓、森吉德玛、翠绿的晨星、荒火的高原。
●
相关链接 在E读中查询图书 在五车中查询图书 在当当中查询图书 在豆瓣中查询图书


正题名:张之涛文集     索取号:I217.62/649:1         预约/预借

序号 登录号 条形码 馆藏地/架位号 状态 备注
1 540492   205404926   第一样本阅览室/ [索取号:I217.62/649:1] 在馆    
2 540493   205404935   第二借阅区/ [索取号:I217.62/649:1] 在馆    
3 540494   205404944   第二借阅区/ [索取号:I217.62/649:1] 在馆    
唐山师范学院图书馆 欢迎您!
大连网信软件有限公司© 版权所有